00922cam a22002651 4500001001300000003000400013005001700017008004100034010001700075035001900092040002100111042001200132043001200144045000900156050002200165100005100187245018600238260004300424300002900467490004100496500002000537651002500557810005700582999001700639gs 15000729 DLC20260227111318.0790914s1915 dcua f001 0 eng  ags 15000729  a(OCoLC)5374664 aDLCcICharEdDLC apremarc an-us-mo aw9x100aQE75b.B9 no. 5681 aMarshall, R. B.q(Robert Bradford),d1867-194910aResults of spirit leveling in Missouri, 1896 to 1914, inclusive /cR.B. Marshall, chief geographer. Work done in cooperation with the State of Missouri from 1907 to 1914, inclusive. aWashington,bGovt. Print. Off.,c1915. a219 p. :bill. ;c24 cm.1 aU.S. Geological survey. Bulletin 568 aIncludes index. 0aMissourixAltitudes.1 aUnited States.bGeological Survey.tBulletin ;v568. c25575d25575